Footballeurs en W (par images). - Statistiques

Statistiques générales
  • Ce quiz a été pris 371 fois
  • Le résultat moyen est 8 sur 12
Statistiques - réponses
Par images Réponse % Correct
Kyle Walker
95%
Timo Werner
91%
Axel Witsel
89%
Georginio Wijnaldum
87%
Willian
82%
George Weah
79%
Théo Walcott
70%
Sylvain Wiltord
65%
Jack Wilshere
48%
Danny Welbeck
46%
Victor Wanyama
25%
Billy Wright
5%
Aucun quiz correspondant
Distribution des résultats
% des personnes avec chaque résultat
Percentile par nombre de réponses
Votre historique - résultats
Vous n’avez pas pris ce quiz